000 00455nam a2200193Ia 4500
003 GCL
008 140319s9999 xx 000 0 eng d
040 _aGCL /
_cGCL
082 0 4 _a843
_bW C
100 1 _aCOLETTE
245 1 0 _aCLAUDINE EN MENAGE /
_cCOLETTE
700 1 _aWILLY
260 _a[S.N] :
_bFOLIO ،
_c1992
300 _a242 P
490 _aCOLLECTION FOLIO
_v0
650 0 4 _aLITERATURE
650 0 4 _aFRENCH LITERATURE
942 _2ddc
_cBK
999 _c21971
_d21971